00400nam a2200181Ia 4500003000900000008004100009040001300050040001300063041000800076100002700084245005000111250000900161260001200170260000900182300001100191300001000202490000600212IT-RoPAU120407s9999 xx 000 0 und d aIT-RoPAU cIT-RoPAU aita aGuido Zerilli-Marimò aLa “Voce della Francia”. Un documentario. aRoma aDe Luca c1971 a912 p. c23 cm v1